000 00737cam a2200205 4500
001 ABS62829
008 000000n2000 000 0 eng u
035 _a(Sirsi) u108588
100 _aDunster, A.
245 _aAssessment of ageing high alumina cement concrete
260 _c2000
490 _aStructural Survey
_v18(1) September 2000, 16-21(6)
520 _aReviews the techniques available for assessing the characteristics and performance of high alumina cement concrete construction. Case study on typical pre-cast concrete beams. References.
590 _aABS
650 _aPERFORMANCE
650 _aSTRUCTURAL CONCRETE
650 _aHIGH ALUMINA CEMENT
690 _aBUILT ENVIRONMENT-BUILDING MATERIALS
942 _n0
999 _c64823
_d64823